000 00871nem a22002297a 4500
005 20160525084001.0
008 160422b1971 ck ||||| |a|| 00| 0 spa d
040 _aCO-BoIAVH
_cCO-BoIAVH
041 _aspa
044 _ack
090 _aMC-
_b0037
110 _aInstituto Nacional de los Recursos Naturales Renovables y del Ambiente - INDERENA
_c(Bogotá)
_970224
245 1 _aDivision parques nales y vida silvestre
_bLa macarena reserva biológica
_h[Material Cartografico]
255 _a1:200.000
260 _aBogotá
_bInstituto Nacional de los Recursos Naturales Renovables y del Ambiente - INDERENA
_c1971
300 _a1 mapa
_c88 x 78 cm
650 _aColonos
_zMacarena
_970225
650 _aEstaciones biológicas
_zMacarena
_970226
650 _aParque nacionales
_zMacarena
_970227
651 _aLa marcarena
_zColombia
_970228
942 _2z
_cLIBRO
999 _c18342
_d18342